000 00775nam a2200229Ia 4500
001 8512
003 GE_BSU
008 181216s||||||||xx |||||||||||||| ||und||
040 _cGE_BSU
080 _a82-93
100 _aვადაჭკორია,დოდო.
245 _aბასარა და ტარაბისო.
245 _bმოთხრობები.
245 _cმხატვ:თამარ ფოცხიშვილი;რედ:ნათელა ჩირაძე.
260 _aთბილისი.
260 _bნაკადული.
260 _c1989.
300 _a115გვ;ილ;29სმ.
653 _aბასარა და ტარაბისო.
653 _aმოთხრობები.
942 _cBK
999 _c41829
_d41829